000 00315 a2200157 4500
001 174527
020 _a
040 _cMagnum
100 _aSiguemoto, Regina
240 1 0 _aO capitao bigodao
_lpor
245 1 0 _aO capitao bigodao
362 0 _a1899
440 1 _aFTD
697 _aI/PARADIDATICO
942 _cBK
999 _c174527
_d174527